| 000 | 01015nam a2200241 i 4500 | ||
|---|---|---|---|
| 001 | 169159 | ||
| 003 | ES-MaACL | ||
| 005 | 20250812062539.0 | ||
| 008 | 080820s19571957sp |||| | spa d | ||
| 080 | _a94(430) | ||
| 100 | 1 |
_aBaumgartner, Joseph. _9138227 |
|
| 245 | 1 | 0 |
_aReunificación de Alemania y coexistencia / _cJoseph Baumgartner. |
| 260 |
_aMadrid : _bAteneo, _c1957. |
||
| 300 |
_a31 p. : _b1 lám. ; _c19 cm. |
||
| 490 | 1 |
_aColección "O crece o muere" ; _v109 |
|
| 500 | _aEl original fue dado a conocer por su autor en el Ateneo de Madrid, el día 24 de mayo de 1956, en el ciclo de conferencias "Cuestiones políticas y sociales de la actualidad europea" | ||
| 610 | 2 | 7 |
_aAteneo de Madrid- _vConferencias- _y1940-1982. _91908 |
| 650 | 4 |
_aCuestión de la reunificación alemana, 1949-1990. _9163476 |
|
| 651 | 4 |
_aAlemania (República Democrática)- _xPolítica y gobierno. _97675 |
|
| 830 | 0 | 0 |
_aColección "O crece o muere" _v109 _9183476 |
| 852 |
_aES-MaACL _j2242-F-7 |
||
| 999 |
_c169159 _d169159 |
||